000 00527nam a2200157Ia 4500
008 220214s9999 xx 000 0 und d
022 _a0022-5290
245 0 _aJOURNAL OF TROPICAL GEOGRAPHY
246 _aBifurcated to: Singapore Journal of Tropical Geography 2. Malaysian Journal of Tropical Geography
260 _bDepartment of Geography, Kent Ridge
_aSingapore
310 _aSA
500 _aEnding Volume & Year: 49, 1979
500 _aMissing Volume: 19;36
500 _aStarting Volume & Year: 18, 1964
942 _cBJ
999 _c4366
_d4366